000 00892nam0a22002411 4500
001 rc\2955673
005 20250806211411.0
035 _a(NLR Aleph) 007102950
090 _a62262
_c62262
100 _a20040924d1943 u y0rusy50 ca
101 0 _arus
102 _aRU
105 _aa z ||||y
200 1 _aТиповые проекты оборудования линейно-аппаратных залов международных телефонных станций
_fНар. комиссариат связи СССР, Воен.-восстановит. упр.
210 _aМосква
_cСвязьиздат
_d1943
215 _a42, [1] стр.
_cил.
_d21 см
801 0 _aRU
_bNLR
_gpsbo
801 1 _aRU
_bELAR
_2rusmarc
852 _aNLR
_jТ20 Г-4/126
942 _cBOOK
945 _aРоссийская национальная библиотека
980 _aNB
980 _aBV